| 000 | 00875nam a22001577a 4500 | ||
|---|---|---|---|
| 003 | OSt | ||
| 005 | 20160211161444.0 | ||
| 008 | 160211b xxu||||| |||| 00| 0 eng d | ||
| 040 | _cRUA | ||
| 082 | _aMGR SER 2007 B390 Or.1 | ||
| 100 |
_97081 _aSEREY MARDY ; សិរី ម៉ារឌី |
||
| 245 | _aThe influence of agricultural development program of rural poverty reduction project in svay rieng on trans -border migration to vietnam ,ឥទ្ធិពលរបស់កម្មវិធីអភិវឌ្ឍន៍កសិកម្មនៃគំរោងកាត់បន្ថយភាពក្រីក្រ នៅជនបទ ខេត្តស្វាយរៀងលើបញ្ហាចំណាកស្រុក ទៅប្រទេសវៀតណាម | ||
| 260 |
_aPhnom Penh _bRUA _c2007 |
||
| 300 |
_axiii; 83p. _bill. _c29cm. |
||
| 942 |
_2ddc _cNRM |
||
| 999 |
_c6663 _d6663 |
||